The noble scholar, jurist, historian


 His Excellency Dr. Abdul Wahhab bin Ibrahim Abu Sulaiman, may Allah have mercy on him.


 He was born in Umm Al-Qura in the year 1356 AH.

طبقات الشافعية الكبرى / (Record no. 11320)

MARC details
000 -LEADER
fixed length control field 01263cam a22002651i 4500
003 - CONTROL NUMBER IDENTIFIER
control field SA-RiAUC
005 - DATE AND TIME OF LATEST TRANSACTION
control field 20250901040932.0
008 - FIXED-LENGTH DATA ELEMENTS--GENERAL INFORMATION
fixed length control field 250212s1964 ua g 00010cara c
040 ## - CATALOGING SOURCE
Original cataloging agency SA-MdTU
Language of cataloging ara
Transcribing agency SA-RiAUC
Description conventions rda
082 04 - DEWEY DECIMAL CLASSIFICATION NUMBER
Classification number 922.58
Assigning agency SA-RiAUC
090 ## - LOCALLY ASSIGNED LC-TYPE CALL NUMBER (OCLC); LOCAL CALL NUMBER (RLIN)
Classification number (OCLC) (R) ; Classification number, CALL (RLIN) (NR) 922.58
Local cutter number (OCLC) ; Book number/undivided call number, CALL (RLIN) ت ا ج
100 1# - MAIN ENTRY--PERSONAL NAME
Personal name تاج الدين السبكي، عبد الوهاب بن علي بن عبد الكافي،
Dates associated with a name 727-771 هجري
Relator term مؤلف.
245 10 - TITLE STATEMENT
Title طبقات الشافعية الكبرى /
Statement of responsibility, etc. لتاج الدين أبي نصر عبد الوهـاب بن علي بن عبد الكافي السبكي ؛ تحقيق محمود محمد الطناحي، عبد الفتاح محمد الحلو.
250 ## - EDITION STATEMENT
Edition statement متعدد الطبعات.
264 #1 - PRODUCTION, PUBLICATION, DISTRIBUTION, MANUFACTURE, AND COPYRIGHT NOTICE
Place of production, publication, distribution, manufacture القاهرة :
Name of producer, publisher, distributor, manufacturer هجر للطباعة و النشر،
Date of production, publication, distribution, manufacture, or copyright notice 1992.
300 ## - PHYSICAL DESCRIPTION
Extent 9 مجلد ؛
Dimensions 24 سم
336 ## - CONTENT TYPE
Content type term نص
Content type code txt
Source rdacontent
Materials specified كتاب
337 ## - MEDIA TYPE
Media type term بدون وسيط
Media type code n
Source rdamedia
338 ## - CARRIER TYPE
Carrier type term مجلد
Carrier type code nc
Source rdacarrier
650 #7 - SUBJECT ADDED ENTRY--TOPICAL TERM
Topical term or geographic name entry element الفقهاء الشافعية
Form subdivision تراجم
Source of heading or term aucsh
700 1# - ADDED ENTRY--PERSONAL NAME
Personal name الطناحي، محمود محمد،
Dates associated with a name 1935-1999
Relator term محقق.
700 1# - ADDED ENTRY--PERSONAL NAME
Personal name الحلو، عبد الفتاح محمد،
Dates associated with a name 1937-1994
Relator term محقق.
942 ## - ADDED ENTRY ELEMENTS (KOHA)
Source of classification or shelving scheme Dewey Decimal Classification
Koha item type Books
Suppress in OPAC No
949 ## - LOCAL PROCESSING INFORMATION (OCLC)
a SA-JeALM
d 250212
u eid123
n 1
Holdings
Withdrawn status Lost status Source of classification or shelving scheme Materials specified (bound volume or other part) Damaged status Not for loan Home library Current library Date acquired Total checkouts Full call number Barcode Date last seen Price effective from Koha item type
    Dewey Decimal Classification الجزء الأول     DR AbdElwahab Library DR AbdElwahab Library 09/01/2025   922.58 ت ا ج 000018306 09/01/2025 09/01/2025 Books
    Dewey Decimal Classification الجزء الثاني و الثالث     DR AbdElwahab Library DR AbdElwahab Library 09/01/2025   922.58 ت ا ج 000018307 09/01/2025 09/01/2025 Books
    Dewey Decimal Classification الجزء الرابع و الخامس     DR AbdElwahab Library DR AbdElwahab Library 09/01/2025   922.58 ت ا ج 000018308 09/01/2025 09/01/2025 Books
    Dewey Decimal Classification الجزء السادس و السابع     DR AbdElwahab Library DR AbdElwahab Library 09/01/2025   922.58 ت ا ج 000018309 09/01/2025 09/01/2025 Books
    Dewey Decimal Classification الجزء الثامن     DR AbdElwahab Library DR AbdElwahab Library 09/01/2025   922.58 ت ا ج 000018310 09/01/2025 09/01/2025 Books
    Dewey Decimal Classification الجزء التاسع و العاشر     DR AbdElwahab Library DR AbdElwahab Library 09/01/2025   922.58 ت ا ج 000018311 09/01/2025 09/01/2025 Books
    Dewey Decimal Classification الفهارس العامة     DR AbdElwahab Library DR AbdElwahab Library 09/01/2025   922.58 ت ا ج 000018312 09/01/2025 09/01/2025 Books